Tạo hình và phương pháp hướng dẫn hoạt động tạo hình cho trẻ em Quyển 2
Saved in:
| Main Author: | |
|---|---|
| Format: | Book |
| Published: |
Hà Nội
ĐHQG Hà Nội
2001
|
| Edition: | In lần 2 |
| Subjects: | |
| Tags: |
Add Tag
No Tags, Be the first to tag this record!
|
| Institutions: | Trung tâm Học liệu Lê Vũ Hùng, Trường Đại học Đồng Tháp |
|---|
| LEADER | 00881pam a22002658a 4500 | ||
|---|---|---|---|
| 001 | 00038295 | ||
| 005 | 20171026081025.0 | ||
| 008 | 170515s2001 ||||||Viesd | ||
| 041 | 0 | # | |a Vie |
| 082 | 1 | # | |a 372.21 |b T108H |
| 100 | 0 | # | |a Đặng, Hồng Nhật |
| 245 | 0 | 0 | |a Tạo hình và phương pháp hướng dẫn hoạt động tạo hình cho trẻ em |c Đặng Hồng Nhật |n Quyển 2 |
| 250 | # | # | |a In lần 2 |
| 260 | # | # | |a Hà Nội |b ĐHQG Hà Nội |c 2001 |
| 300 | # | # | |a 92 tr. |c 24 cm |
| 653 | # | # | |a Phương pháp |
| 653 | # | # | |a Đồ chơi |
| 653 | # | # | |a trẻ em |
| 653 | # | # | |a Tạo Hình |
| 852 | # | # | |b Kho mượn |j KM.0021466 |
| 852 | # | # | |j KM.0021466 |j KD.0020497 |
| 852 | # | # | |b Kho đọc |j KD.0020497 |
| 910 | |d 15/05/2017 | ||
| 980 | # | # | |a Trung tâm Học liệu Lê Vũ Hùng, Trường Đại học Đồng Tháp |